Lol - Statystyki

Ogólne statystyki
  • Ten quiz został rozwiązany 102 razy
  • Średni wynik to 19 z 40
Statystyki odpowiedzi
Hint Odpowiedź % Poprawnych
Kto jest bratem Yasuo? Yone
98%
Jaka jest polska nazwa Guardian Angel? Anioł Stróż
88%
Która postać zabiera przeciwnika do Wymiaru Śmierci? Mordekaiser
75%
Kto jest miłośnikiem piwa? Gragas
73%
Która postać wypowiada słowa „Ryba bez wody?! Co masz na myśli?”? Fizz
69%
Z jakiego państwa pochodzi Jarvan IV? Demacia
67%
Kto jest generałem Noxusu? Swain
66%
Z jakiego regionu pochodzi Vel’Koz? Pustka
64%
Która postać posiada skilla o nazwie Ragnarok? Olaf
63%
Kto jest żywym ucieleśnieniem mocy srebrnego księżyca? Diana
59%
Czyim kompanem jest Skaarl? Kled
59%
Kto pragnie krwi śmiertelników? Vladimir
59%
Ile golda kosztuje Czarny Tasak? 3300
58%
Ile golda kosztuje Trinity Force? 3333
55%
Która postać posiada skilla o nazwie Paddle Star? Zoe
54%
Która postać posiada skina o nazwie Candy King? Ivern
52%
Która postać posiada skina o nazwie Dino? Gnar
49%
Jak nazywa się najnowsza dodana postać? Viego
48%
Która postać posiada skina o nazwie Przedsiębiorca Pogrzebowy? Yorick
48%
Czyim ultem jest Hop, do Góry!? Zac
47%
Która postać to "the Prophet of the Void"? Malzahar
46%
Kto był uczniem Mastera Yi? Wukong
46%
Która postać wypowiada słowa "Let's find some friends."? Amumu
43%
Która postać wypowiada słowa "Another game of snake and mice."? Cassiopeia
43%
Która postać posiada skilla o nazwie Fury of the Sands? Nasus
43%
Kto potrafi tkać skały? Taliyah
43%
Która postać wypowiada słowa „Kolejna zdobycz do kolekcji.”? Rengar
42%
Jaka jest angielska nazwa Krwiożerczej Hydry? Ravenous Hydra
41%
Kto uważa, że śmierć jest śmieszna? Shaco
39%
Która postać posiada skilla o nazwie Ogniki? Ahri
34%
Która postać wypowiada słowa "Aha, 42, I knew it! Now - er, what was the question again?"? Heimerdinger
31%
Która postać dzwoni? Bard
30%
Która postać wypowiada słowa "In carnage, I bloom, like a flower in the dawn."? Jhin
30%
Która postać posiada skilla o nazwie Powerball? Rammus
28%
Która postać posiada skilla o nazwie Naśladowca? LeBlanc
25%
Która postać wypowiada słowa „Jest życie, jest śmierć, a potem... jestem ja.”? Thresh
17%
Ile RP kosztuje Ziggs? 880
16%
Która postać to Kleryk Broni? Lucian
14%
Ile RP kosztuje Janna? 585
11%
Która postać wypowiada słowa „Nasze myśli łączą się w jedno.”? Shen
11%
Nie znaleziono quizów pasujących do podanych kryteriów
Rozkład punktacji
Procent ludzi z każdym wynikiem
Percentyl według liczby udzielonych odpowiedzi
Twoja historia wyników
Nie rozwiązałeś tego quizu